=LDR 00000nam 2200000 4500 =001 INLIS000000000014323 =005 20130612105612 =008 ***********************************Ind** =035 ##$$0010-061300000014323 =041 ##$$a Ind =082 ##$$a 353.2 =090 ##$$a 353.2, Har m =100 ##$$a harinowo, Cyrillus =245 ##$$a Utang pemerintah, perkembangan, prospek dan pengelolaannya, cyrillus Harinowo =260 ##$$a 2002 $b Jakarta =300 ##$$a 6axv, 265 hlm, Il, 20 cm =650 ##$$a Pemerintahaan, Departemen Keuangan =850 ##$$a NBPNMAT